Načítá se...
Vijayamangalam adhava Shounachandrika (Part 1)
| Hlavní autor: | |
|---|---|
| Médium: | Printed Book |
| Jazyk: | Malayalam |
| Vydáno: |
Madhavan Pillai. P.K.
Madhavan Pillai. P.K.
|
| LEADER | 00493nam a2200133Ia 4500 | ||
|---|---|---|---|
| 008 | 111205s9999 xx 000 0 mal d | ||
| 082 | |a 855 THA/S | ||
| 100 | |a Narayana Kurukkal.K. | ||
| 245 | |a Vijayamangalam adhava Shounachandrika (Part 1) |c Narayana Kurukkal.K. | ||
| 260 | |b Madhavan Pillai. P.K. |a Madhavan Pillai. P.K. |c 0 | ||
| 300 | |a 100 | ||
| 942 | |c BK | ||
| 999 | |c 214480 |d 214480 | ||
| 952 | |0 0 |1 0 |2 ddc |4 0 |6 S_6R5 |7 0 |9 237135 |a MAL |b MAL |c SEC |d 1995-12-16 |g 0.00 |l 0 |o S6R5 |p MAL9102 |r 2015-04-13 |v 0.00 |w 2015-04-13 |y BK | ||